| 000 | 00524nam a2200229Ia 4500 | ||
|---|---|---|---|
| 005 | 20251020182446.0 | ||
| 008 | 200515s9999 xx 000 0 und d | ||
| 082 | _a55(038)/D18 | ||
| 100 | _aDávila Burga, Jorge | ||
| 245 | 0 | _aDiccionario Geológico | |
| 250 | _a2a ed. | ||
| 260 | _aLima | ||
| 260 | _b[Full Graphic S.R.L.] | ||
| 260 | _c1995 | ||
| 300 | _a846 p. | ||
| 300 | _bil., tbl., graf., fot. | ||
| 500 | _a1 ejemplar | ||
| 650 | _aDICCIONARIOS | ||
| 650 | _aGEOLOGIA | ||
| 942 | _cLIB | ||
| 999 |
_c693 _d693 |
||